000 00357nam a22001577a 4500
003 SGT
020 _a9788185618517
082 _a425,MUR
100 _aMURPHY,RAYMOND
245 _aINTERMEDIATE ENGLISH GRAMMAR
250 _a2ND
260 _aNEW DELHI
_bCAMBRIDGE UNIVERSITY
_c2019
300 _a350
650 _aENGLISH GRAMMAR
942 _2ddc
_cBK
_02
999 _c19613
_d19613